[Event "NOR-ch U20"]
[Site "Sarpsborg"]
[Date "2018.07.12"]
[Round "7"]
[White "Berbom, Henrik"]
[Black "Reigstad, Erlend"]
[Result "1-0"]
[WhiteElo "1419"]
[BlackElo "1629"]
[PlyCount "111"]
[EventDate "2018.07.07"]
[EventType "swiss"]
[EventRounds "9"]
[EventCountry "NOR"]
[SourceTitle "EXT 2024"]
[Source "ChessBase"]
[SourceDate "2023.10.10"]
[SourceVersion "1"]
[SourceVersionDate "2023.10.10"]
[SourceQuality "1"]

1. d4 e6 2. c4 Nf6 3. Nc3 d5 4. cxd5 exd5 5. Bg5 Be7 6. e3 0-0 7. Bd3 c6 8. h3 Re8 9. Nf3 Nbd7 10. Qc2 Nf8 11. 0-0 Kh8 12. Bf4 Bd6 13. Ne5 Qc7 14. Nxf7+ Qxf7 15. Bxd6 Re6 16. Bh2 Ne8 17. Ne2 Ng6 18. Nf4 Nxf4 19. Bxf4 Bd7 20. Bg3 Nf6 21. Be5 Ne4 22. Bxe4 dxe4 23. Qxe4 Rg6 24. Bg3 Re8 25. Qd3 Bf5 26. Qa3 Qd7 27. Kh2 Rh6 28. Bf4 Rh5 29. Qd6 Qf7 30. Rh1 h6 31. Kg1 Re6 32. Qa3 Rg6 33. Bg3 Rhg5 34. Qb3 Be6 35. Qd3 Bc4 36. Qd1 Bd5 37. b3 Qe7 38. Rh2 Qe4 39. Qe2 h5 40. f3 Qe8 41. Bh4 Rf5 42. e4 Rf4 43. Bf2 Bg8 44. Be3 Rf7 45. Kh1 Bh7 46. g4 h4 47. Rf1 Rgf6 48. e5 Re6 49. f4 Be4+ 50. Kg1 g6 51. Qe1 Rh7 52. Bd2 Bd5 53. f5 gxf5 54. Rxf5 Rg6 55. Rhf2 Be6 56. Rf8+ 1-0

[Event "NOR-ch U20"]
[Site "Sarpsborg"]
[Date "2018.07.10"]
[Round "5"]
[White "Berbom, Henrik"]
[Black "Sebastian, Andreas"]
[Result "1-0"]
[WhiteElo "1419"]
[BlackElo "1936"]
[PlyCount "63"]
[EventDate "2018.07.07"]
[EventType "swiss"]
[EventRounds "9"]
[EventCountry "NOR"]
[SourceTitle "EXT 2024"]
[Source "ChessBase"]
[SourceDate "2023.10.10"]
[SourceVersion "1"]
[SourceVersionDate "2023.10.10"]
[SourceQuality "1"]

1. d4 Nf6 2. c4 e6 3. Nc3 Bb4 4. Qc2 0-0 5. e4 d5 6. e5 Ne4 7. Bd3 c5 8. Nf3 cxd4 9. Nxd4 Nd7 10. Bf4 Qh4 11. g3 Qh5 12. Bxe4 dxe4 13. Qxe4 Nc5 14. Qe2 Qxe2+ 15. Kxe2 Bxc3 16. bxc3 b6 17. Nb5 Bb7 18. Rhd1 Rfd8 19. Nd6 Bc6 20. f3 Rd7 21. Rd4 Ba4 22. Bc1 Bc2 23. Ba3 Na4 24. Kd2 Bg6 25. Rc1 f6 26. f4 fxe5 27. fxe5 Rf8 28. Ke3 Rc7 29. Nb5 Rc5 30. Bxc5 bxc5 31. Rd7 Rf5 32. Rd8+ 1-0